000 00292nam a22001337a 4500
008 170912b xxu||||| |||| 00| 0 eng d
020 _a047152462
041 _aeng
080 _24 ED
_a53
100 _a43
101 _aFIZ
245 _aTECHNICAL PHYSICS
_cWALLACH.D.L
942 _2udc
_cBK
999 _c27264
_d27264